Value Added Tax and Duties Reports (Record no. 118517)

MARC details
000 -LEADER
fixed length control field 00457cas a2200169 4500
001 - CONTROL NUMBER
control field L131
008 - FIXED-LENGTH DATA ELEMENTS--GENERAL INFORMATION
fixed length control field 090401t xxu||||| |||| 00| 0 eng d
035 ## - SYSTEM CONTROL NUMBER
System control number (Sirsi) u98769
041 ## - LANGUAGE CODE
Language code of text/sound track or separate title eng
245 ## - TITLE STATEMENT
Title Value Added Tax and Duties Reports
260 ## - PUBLICATION, DISTRIBUTION, ETC.
Name of publisher, distributor, etc. HM Stationery Office
350 ## - PRICE (NR) (BK AM CF MU VM SE) [OBSOLETE]
Price 0
500 ## - GENERAL NOTE
General note Name changed at Part 1 1995 from VAT Tribunals Reports First Issue 11 May 94 (1992) Part 5
650 ## - SUBJECT ADDED ENTRY--TOPICAL TERM
Topical term or geographic name entry element TAXATION
942 ## - ADDED ENTRY ELEMENTS (KOHA)
Suppress in OPAC 0
948 ## - LOCAL PROCESSING INFORMATION (OCLC); SERIES PART DESIGNATOR (RLIN)
c (OCLC) 01/03/1994

No items available.